Оценка тканевого распределения платины методом инверсионной вольтамперометрии у онкологических больных; Успехи современного естествознания; № 2

Detalhes bibliográficos
Parent link:Успехи современного естествознания: научный журнал.— , 2001-
№ 2.— 2004.— [С. 13-16]
Outros Autores: Колпакова Н. А. Нина Александровна, Смышляева Е. А., Завьялов А. А., Добродеев А. Ю., Тузиков С. А., Антипов С. А.
Resumo:Заглавие с экрана
Методом инверсионной вольтамперометрии изучено распределение платины по биологическим тканям у больных раком легкого III стадии, получавших цисплатин в качестве радиосенсибилизатора для усиления лучевого воздействия при проведении интраоперационной лучевой терапии. Максимальная концентрация платины была определена в опухолевой ткани (29.9 мг/кг), в сравнении с регионарными лимфатическими узлами (3.7 мг/кг), легочной тканью (1.7 мг/кг) и периферической кровью (0.8 мг/кг).
Режим доступа: по договору с организацией-держателем ресурса
Idioma:russo
Publicado em: 2004
Colecção:Технические науки
Assuntos:
Acesso em linha:https://www.natural-sciences.ru/ru/article/view?id=12218
https://elibrary.ru/item.asp?id=10080338
Formato: MixedMaterials Recurso Electrónico Capítulo de Livro
KOHA link:https://koha.lib.tpu.ru/cgi-bin/koha/opac-detail.pl?biblionumber=654964

MARC

LEADER 00000naa0a2200000 4500
001 654964
005 20250313145257.0
035 |a (RuTPU)RU\TPU\network\20696 
035 |a RU\TPU\network\13126 
090 |a 654964 
100 |a 20170530d2004 k||y0rusy50 ca 
101 0 |a rus 
102 |a RU 
135 |a drcn ---uucaa 
181 0 |a i  
182 0 |a b 
200 1 |a Оценка тканевого распределения платины методом инверсионной вольтамперометрии у онкологических больных  |f Н. А. Колпакова [и др.] 
203 |a Текст  |c электронный 
225 1 |a Технические науки 
300 |a Заглавие с экрана 
320 |a [Библиогр.: с. 16 (11 назв.)] 
330 |a Методом инверсионной вольтамперометрии изучено распределение платины по биологическим тканям у больных раком легкого III стадии, получавших цисплатин в качестве радиосенсибилизатора для усиления лучевого воздействия при проведении интраоперационной лучевой терапии. Максимальная концентрация платины была определена в опухолевой ткани (29.9 мг/кг), в сравнении с регионарными лимфатическими узлами (3.7 мг/кг), легочной тканью (1.7 мг/кг) и периферической кровью (0.8 мг/кг). 
333 |a Режим доступа: по договору с организацией-держателем ресурса 
461 |t Успехи современного естествознания  |o научный журнал  |d 2001- 
463 |t № 2  |v [С. 13-16]  |d 2004 
610 1 |a электронный ресурс 
610 1 |a труды учёных ТПУ 
610 1 |a онкология 
610 1 |a рак легких 
610 1 |a платина 
610 1 |a облучение 
610 1 |a инверсионная вольтамперометрия 
610 1 |a инверсиионно-вольтамперометрическое изучение 
610 1 |a цисплатин 
701 1 |a Колпакова  |b Н. А.  |c химик  |c девичья фамилия Полукарова  |c профессор Томского политехнического университета, доктор химических наук  |c Почетный химик России (1996 г.)  |f 1942-  |g Нина Александровна  |3 (RuTPU)RU\TPU\pers\21963 
701 1 |a Смышляева  |b Е. А. 
701 1 |a Завьялов  |b А. А. 
701 1 |a Добродеев  |b А. Ю. 
701 1 |a Тузиков  |b С. А. 
701 1 |a Антипов  |b С. А. 
801 2 |a RU  |b 63413507  |c 20170530  |g RCR 
856 4 |u https://www.natural-sciences.ru/ru/article/view?id=12218 
856 4 |u https://elibrary.ru/item.asp?id=10080338 
942 |c CF